000 00635cam a2200229 i 4500
001 318642
005 20180227053759.0
008 750317s1975 mau b 001 0 eng
010 _a 74084838
020 _a0878720839
040 _aDLC
_cDLC
_dDLC
041 _aeng
043 _an-us---
080 _a301.592
082 0 0 _a301.592 DYE
100 1 _a20
101 _aSHP
245 1 4 _aThe irony of democracy :
_cThomas R. Dye, L. Harmon Zeigler.
504 _aIncludes bibliographies and index.
906 _a7
_bcbc
_corignew
_d2
_eopcn
_f19
_gy-gencatlg
942 _2ddc
_cBK
999 _c43574
_d43574